[Event "Kinross USSA op"]
[Site "Kinross"]
[Date "2018.07.03"]
[Round "3"]
[White "Sadie, Johan Jacobus Hendr"]
[Black "De Abreu, Roberto N"]
[Result "0-1"]
[WhiteElo "1523"]
[BlackElo "2107"]
[PlyCount "55"]
[EventDate "2018.07.02"]
[EventType "swiss"]
[EventRounds "9"]
[EventCountry "RSA"]
[SourceTitle "CBM 185 Extra"]
[Source "ChessBase"]
[SourceDate "2018.07.29"]
[SourceVersion "1"]
[SourceVersionDate "2018.07.29"]
[SourceQuality "1"]

1. d4 Nf6 2. Nf3 c5 3. c3 b6 4. Bg5 Bb7 5. Nbd2 e6 6. e4 h6 7. Bxf6 Qxf6 8. Bd3 cxd4 9. Nxd4 Bc5 10. N2f3 Qg6 11. Qe2 Nc6 12. 0-0 0-0 13. Nxc6 Bxc6 14. Ne5 Qg5 15. Nxc6 dxc6 16. e5 Rad8 17. Rad1 Rd5 18. Rfe1 Rfd8 19. b4 Bf8 20. Qe4 g6 21. f4 Qe7 22. Bc2 c5 23. b5 c4 24. Qxc4 Rd2 25. Rxd2 Rxd2 26. Re2 Qd7 27. Kf1 Rxc2 28. Kg1 0-1

[Event "Johannesburg PSS Prestige op"]
[Site "Johannesburg"]
[Date "2017.04.23"]
[Round "9"]
[White "Simutowe, Musatwe"]
[Black "Sadie, Johan Jacobus Hendr"]
[Result "1-0"]
[WhiteElo "2198"]
[BlackElo "1709"]
[PlyCount "44"]
[EventDate "2017.04.22"]
[EventType "swiss (rapid)"]
[EventRounds "10"]
[EventCountry "RSA"]
[SourceTitle "CBM 177 Extra"]
[Source "ChessBase"]
[SourceDate "2017.04.27"]
[SourceVersion "1"]
[SourceVersionDate "2017.04.27"]
[SourceQuality "1"]

1. e4 c6 2. d4 d5 3. Nd2 dxe4 4. Nxe4 Bf5 5. Ng3 Bg6 6. Nf3 Nd7 7. h4 h6 8. h5 Bh7 9. Bd3 Bxd3 10. Qxd3 e6 11. Bd2 Ngf6 12. 0-0-0 Be7 13. Ne4 Nxe4 14. Qxe4 Nf6 15. Qe2 Qb6 16. Kb1 Ba3 17. Bc1 Nd5 18. Ka1 c5 19. c4 Bxb2+ 20. Qxb2 Qxb2+ 21. Kxb2 Nb6 22. dxc5 Nxc4+ 1-0

[Event "RSA-ch U18"]
[Site "Bloemfontein"]
[Date "2016.03.23"]
[Round "6"]
[White "Marais, Franco"]
[Black "Sadie, Johan Jacobus Hendr"]
[Result "0-1"]
[WhiteElo "1815"]
[BlackElo "1707"]
[PlyCount "72"]
[EventDate "2016.03.20"]
[EventType "swiss"]
[EventRounds "11"]
[EventCountry "RSA"]
[SourceTitle "CBM 171 Extra"]
[Source "ChessBase"]
[SourceDate "2016.04.26"]
[SourceVersion "1"]
[SourceVersionDate "2016.04.26"]
[SourceQuality "1"]

1. d4 c6 2. c4 d5 3. Nc3 dxc4 4. a4 e5 5. dxe5 Qxd1+ 6. Kxd1 Be6 7. f4 Na6 8. Be3 0-0-0+ 9. Ke1 Nb4 10. Rc1 Kb8 11. Nf3 Bf5 12. Nd4 Ne7 13. h3 h5 14. g3 Bg6 15. Kf2 Nf5 16. Nxf5 Bxf5 17. Bg2 Nc2 18. Be4 Nxe3 19. Kxe3 Bc5+ 20. Kf3 Bc8 21. Nb1 Bd4 22. Rc2 f6 23. exf6 Bxf6 24. Rxc4 Be6 25. Rc2 Bb3 26. Rd2 Bxa4 27. Bd3 Bb3 28. Nc3 Rd4 29. e3 Rd7 30. e4 Rhd8 31. Ke3 Bd4+ 32. Ke2 Bxc3 33. bxc3 c5 34. Rb2 Rxd3 35. Rxb3 Rd2+ 36. Kf1 Rd1+ 0-1

[Event "RSA-ch U18"]
[Site "Bloemfontein"]
[Date "2016.03.23"]
[Round "7"]
[White "Sadie, Johan Jacobus Hendr"]
[Black "Tshabalala, Ernest"]
[Result "0-1"]
[WhiteElo "1707"]
[BlackElo "1842"]
[PlyCount "58"]
[EventDate "2016.03.20"]
[EventType "swiss"]
[EventRounds "11"]
[EventCountry "RSA"]
[SourceTitle "CBM 171 Extra"]
[Source "ChessBase"]
[SourceDate "2016.04.26"]
[SourceVersion "1"]
[SourceVersionDate "2016.04.26"]
[SourceQuality "1"]

1. d4 d5 2. c4 dxc4 3. Nf3 c5 4. e3 Nf6 5. Bxc4 e6 6. 0-0 a6 7. a4 Nc6 8. Qe2 cxd4 9. Rd1 Qc7 10. exd4 Be7 11. Nc3 0-0 12. Bg5 Rd8 13. Rac1 h6 14. Bh4 Qf4 15. Bg3 Qf5 16. Bd3 Qa5 17. Bb1 Bd7 18. Ne5 Be8 19. Qe3 Qb6 20. Nc4 Qb4 21. Ba2 Rac8 22. a5 Nxa5 23. Ne5 Qxb2 24. Ng6 Ba4 25. Bh4 Rxc3 26. Rxc3 Qxc3 27. Qf4 Qc2 28. Rc1 Rxd4 29. Bxf6 Rd1+ 0-1

[Event "RSA-chT U20"]
[Site "Cape Town"]
[Date "2016.01.07"]
[Round "7.2"]
[White "Sadie, Johan Jacobus Hendr"]
[Black "Darling, Simeon C"]
[Result "0-1"]
[WhiteElo "1580"]
[BlackElo "1929"]
[PlyCount "68"]
[EventDate "2016.01.04"]
[EventType "team-tourn"]
[EventRounds "7"]
[EventCountry "RSA"]
[SourceTitle "CBM 170 Extra"]
[Source "ChessBase"]
[SourceDate "2016.02.25"]
[SourceVersion "1"]
[SourceVersionDate "2016.02.25"]
[SourceQuality "1"]
[WhiteTeam "Johannesburg Metro"]
[BlackTeam "Western Province"]
[WhiteTeamCountry "RSA"]
[BlackTeamCountry "RSA"]

1. d4 Nf6 2. Nf3 e6 3. g3 b6 4. Bg2 Bb7 5. 0-0 c5 6. c4 Be7 7. Nc3 cxd4 8. Nxd4 Bxg2 9. Kxg2 a6 10. Bg5 Qc7 11. Qb3 Nc6 12. Nxc6 Qxc6+ 13. Kg1 0-0 14. Rac1 h6 15. Be3 Rab8 16. Na4 d6 17. Rfd1 Nd7 18. Qc2 Rfc8 19. b3 b5 20. Nb2 Nf6 21. Qd3 Qb7 22. Bf4 Rd8 23. cxb5 axb5 24. Rc2 Ra8 25. Rdc1 Qd5 26. Rc7 Bf8 27. a4 bxa4 28. Nxa4 Qxd3 29. exd3 Nd5 30. R7c4 Rdb8 31. Ra1 Rxb3 32. d4 Nb6 33. Rc6 Rxa4 34. Rd1 Rc4 0-1

[Event "RSA-ch U20"]
[Site "Waterkloof"]
[Date "2015.04.08"]
[Round "8"]
[White "Sadie, Johan Jacobus Hendr"]
[Black "Bezuidenhout, Roland Reinhold"]
[Result "1-0"]
[WhiteElo "1688"]
[BlackElo "2075"]
[PlyCount "105"]
[EventDate "2015.04.04"]
[EventType "swiss"]
[EventRounds "9"]
[EventCountry "RSA"]
[SourceTitle "CBM 166 Extra"]
[Source "ChessBase"]
[SourceDate "2015.06.18"]
[SourceVersion "1"]
[SourceVersionDate "2015.06.18"]
[SourceQuality "1"]

1. d4 c5 2. d5 e6 3. c4 exd5 4. cxd5 d6 5. Nc3 a6 6. a4 Ne7 7. g3 Ng6 8. Nf3 Be7 9. Bg2 0-0 10. 0-0 Re8 11. Re1 Bf6 12. e4 Bg4 13. Qc2 Bxf3 14. Bxf3 Nd7 15. Bg2 Nde5 16. f4 Ng4 17. Nd1 Bd4+ 18. Be3 Nxe3 19. Nxe3 Ne7 20. Qd2 Qb6 21. Kh1 Qxb2 22. Qxb2 Bxb2 23. Rab1 Bc3 24. Re2 Rab8 25. Nc4 Red8 26. a5 f6 27. Bh3 g6 28. Be6+ Kg7 29. Rb6 Bb4 30. Nxd6 Bxa5 31. Rxb7 Kf8 32. Ra2 Bc3 33. Rxa6 Bd4 34. Rab6 Rxb7 35. Nxb7 c4 36. Rb4 Rb8 37. Rxc4 Rxb7 38. Rxd4 h5 39. d6 Nc6 40. Rc4 Nd8 41. Bd5 Rb6 42. e5 fxe5 43. fxe5 Rb5 44. Rc8 Rxd5 45. Rxd8+ Kf7 46. Rd7+ Ke6 47. Re7+ Kf5 48. d7 h4 49. gxh4 Kg4 50. e6 Kf3 51. Rf7+ Kg4 52. e7 Kh3 53. d8Q 1-0

[Event "RSA-ch U20"]
[Site "Waterkloof"]
[Date "2015.04.07"]
[Round "5"]
[White "Sadie, Johan Jacobus Hendr"]
[Black "Jacobs, Cavan"]
[Result "1-0"]
[WhiteElo "1688"]
[BlackElo "1600"]
[PlyCount "64"]
[EventDate "2015.04.04"]
[EventType "swiss"]
[EventRounds "9"]
[EventCountry "RSA"]
[SourceTitle "CBM 166 Extra"]
[Source "ChessBase"]
[SourceDate "2015.06.18"]
[SourceVersion "1"]
[SourceVersionDate "2015.06.18"]
[SourceQuality "1"]

1. d4 d5 2. c4 e6 3. Nf3 c5 4. cxd5 exd5 5. Nc3 Nc6 6. e3 Nf6 7. Be2 Bd6 8. b3 0-0 9. Bb2 Bf5 10. 0-0 cxd4 11. Nxd4 Nxd4 12. Qxd4 Bc7 13. Rfd1 Qd6 14. g3 Bb6 15. Qd2 Rad8 16. Nb5 Qe7 17. Ba3 Bc5 18. Bxc5 Qxc5 19. Rac1 Qb6 20. Qd4 Qe6 21. Nxa7 Be4 22. Nb5 Qh3 23. Bf1 Qh5 24. Bg2 Ng4 25. h3 Ne5 26. g4 Qg5 27. f4 Qh4 28. fxe5 f5 29. Nd6 Rxd6 30. exd6 Qg3 31. Rd2 fxg4 32. hxg4 Qxg4 1-0

[Event "Waterkloof Robbertse Memorial"]
[Site "Waterkloof"]
[Date "2015.02.01"]
[Round "6"]
[White "Matseme, Tshepo"]
[Black "Sadie, Johan Jacobus Hendr"]
[Result "1-0"]
[WhiteElo "1883"]
[BlackElo "1692"]
[PlyCount "83"]
[EventDate "2015.01.29"]
[EventType "swiss"]
[EventRounds "6"]
[EventCountry "RSA"]
[SourceTitle "CBM 164 Extra"]
[Source "ChessBase"]
[SourceDate "2015.03.02"]
[SourceVersion "1"]
[SourceVersionDate "2015.03.02"]
[SourceQuality "1"]

1. e4 c6 2. c4 d5 3. exd5 cxd5 4. cxd5 Qxd5 5. Nc3 Qa5 6. d4 e6 7. Nf3 Nf6 8. a3 Nc6 9. Bc4 g6 10. Qe2 Ne7 11. b4 Qd8 12. Bg5 Bg7 13. Rc1 0-0 14. 0-0 b6 15. Rfd1 Bb7 16. Ne5 Nfd5 17. Bxd5 exd5 18. Nxg6 hxg6 19. Bxe7 Qd7 20. Bxf8 Rxf8 21. Nb5 Ba6 22. a4 Bh6 23. Rc2 Re8 24. Qd3 Qe7 25. Qc3 Bxb5 26. axb5 Bf8 27. g3 Qd7 28. Qc6 Qxc6 29. Rxc6 Bxb4 30. Rc7 Re7 31. Rxe7 Bxe7 32. Kf1 Kf8 33. Ke2 Ke8 34. Kd3 Bd6 35. Ra1 Bb8 36. Re1+ Kd7 37. h4 Bd6 38. h5 gxh5 39. Rh1 Bb4 40. Rxh5 Ke6 41. g4 Be1 42. Re5+ 1-0